Every Monster in Monster Hunter - Statistics

General Stats
  • This quiz has been taken 31 times
  • The average score is 188 of 257
Answer Stats
Hint Answer % Correct
Flying Wyvern Astalos
100%
Elder Dragon Fatalis
100%
Brute Wyvern Glavenus
100%
Bird Wyvern Great Jaggi
100%
Leviathan Mizutsune
100%
Flying Wyvern Nargacuga
100%
Elder Dragon Nergigante
100%
Fanged Beast Rajang
100%
Flying Wyvern Rathalos
100%
Flying Wyvern Rathian
100%
Elder Dragon Alatreon
88%
Brute Wyvern Anjanath
88%
Fanged Beast Arzuros
88%
Flying Wyvern Barioth
88%
Brute Wyvern Barroth
88%
Fanged Beast Blangonga
88%
Brute Wyvern Brachydios
88%
Elder Dragon Chameleos
88%
Amphibian Chatacabra
88%
Brute Wyvern Deviljho
88%
Flying Wyvern Diablos
88%
Brute Wyvern Duramboros
88%
Elder Dragon Gaismagorm
88%
Fanged Beast Gammoth
88%
Flying Wyvern Gold Rathian
88%
Demi-Elder Gore Magala
88%
Bird Wyvern Great Baggi
88%
Bird Wyvern Great Wroggi
88%
Bird Wyvern Gypceros
88%
Leviathan Jin Dahaad
88%
Elder Dragon Kirin
88%
Leviathan Lagiacrus
88%
Fanged Beast Lagombi
88%
Elder Dragon Lunastra
88%
Elder Dragon Malzeno
88%
Temnoceran Nerscylla
88%
Brute Wyvern Quematrice
88%
Flying Wyvern Rey Dau
88%
Elder Dragon Safi'jiiva
88%
Flying Wyvern Seregios
88%
Elder Dragon Shagaru Magala
88%
Flying Wyvern Silver Rathalos
88%
Elder Dragon Teostra
88%
Brute Wyvern Uragaan
88%
Elder Dragon Valstrax
88%
Fanged Beast Volvidon
88%
Elder Dragon Xeno'jiiva
88%
Cephalopod Xu Wu
88%
Fanged Wyvern Zinogre
88%
Leviathan Abyssal Lagiacrus
75%
Leviathan Agnaktor
75%
Flying Wyvern Akantor
75%
Bird Wyvern Aknosom
75%
Leviathan Almudron
75%
Relict Ancient Leshen
75%
Fanged Beast Apex Arzuros
75%
Flying Wyvern Apex Diablos
75%
Leviathan Apex Mizutsune
75%
Flying Wyvern Apex Rathalos
75%
Flying Wyvern Apex Rathian
75%
Fanged Wyvern Apex Zinogre
75%
Flying Wyvern Arkveld
75%
Fanged Beast Ash Kecha Wacha
75%
Leviathan Aurora Somnacanth
75%
Flying Wyvern Azure Rathalos
75%
Brute Wyvern Banbaro
75%
Flying Wyvern Basarios
75%
Flying Wyvern Bazelgeuse
75%
Elder Dragon Behemoth
75%
Piscine Wyvern Beotodus
75%
Flying Wyvern Black Diablos
75%
Elder Dragon Blackveil Vaal Hazak
75%
Flying Wyvern Bloodbath Diablos
75%
Bird Wyvern Blue Yian Kut-Ku
75%
Flying Wyvern Boltreaver Astalos
75%
Flying Wyvern Brute Tigrex
75%
Piscine Wyvern Cephadrome
75%
??? Chaotic Gore Magala
75%
Fanged Beast Congalala
75%
Fanged Beast Copper Blangonga
75%
Bird Wyvern Coral Pukei-Pukei
75%
Elder Dragon Crimson Fatalis
75%
Elder Dragon Crimson Glow Valstrax
75%
Bird Wyvern Crimson Qurupeco
75%
Brute Wyvern Crystalbeard Uragaan
75%
Elder Dragon Dah'ren Mohran
75%
Carapaceon Daimyo Hermitaur
75%
Bird Wyvern Deadeye Yian Garuga
75%
Neopteron Desert Seltas
75%
Neopteron Desert Seltas Queen
75%
Elder Dragon Dire Miralis
75%
Flying Wyvern Dreadking Rathalos
75%
Flying Wyvern Dreadqueen Rathian
75%
Fanged Wyvern Ebony Odogaron
75%
Fanged Beast Elderfrost Gammoth
75%
Fanged Beast Emerald Congalala
75%
Flying Wyvern Frostfang Barioth
75%
Fanged Beast Furious Rajang
75%
Bird Wyvern Gendrome
75%
Bird Wyvern Giadrome
75%
Elder Dragon Gogmazios
75%
Fanged Beast Goss Harag
75%
Flying Wyvern Gravios
75%
Bird Wyvern Great Maccao
75%
Flying Wyvern Green Nargacuga
75%
Piscine Wyvern Green Plesioth
75%
Flying Wyvern Grimclaw Tigrex
75%
Construct Guardian Arkveld
75%
Construct Guardian Ebony Odogaron
75%
Construct Guardian Fulgur Anjanath
75%
Construct Guardian Rathalos
75%
Bird Wyvern Iodrome
75%
Leviathan Ivory Lagiacrus
75%
Brute Wyvern Jade Barroth
75%
Elder Dragon Jhen Mohran
75%
Piscine Wyvern Jyuratodus
75%
Fanged Beast Kecha Wacha
75%
Flying Wyvern Khezu
75%
Lynian King Shakalaka
75%
Elder Dragon Kulve Taroth
75%
Elder Dragon Kushala Daora
75%
Piscine Wyvern Lavasioth
75%
Flying Wyvern Legiana
75%
Relict Leshen
75%
Flying Wyvern Lucent Nargacuga
75%
Leviathan Magma Almudron
75%
Flying Wyvern Molten Tigrex
75%
Snake Wyvern Najarala
75%
Elder Dragon Namielle
75%
Leviathan Nibelsnarf
75%
Flying Wyvern Nightshade Paolumu
75%
Cephalopod Nu Udra
75%
Fanged Wyvern Odogaron
75%
??? Omega Planetes
75%
Elder Dragon Oroshi Kirin
75%
Flying Wyvern Paolumu
75%
Flying Wyvern Pink Rathian
75%
Piscine Wyvern Plesioth
75%
Carapaceon Plum Daimyo Hermitaur
75%
Elder Dragon Primordial Malzeno
75%
Bird Wyvern Purple Gypceros
75%
Leviathan Purple Ludroth
75%
Bird Wyvern Qurupeco
75%
Brute Wyvern Raging Brachydios
75%
Temnoceran Rakna Kadaki
75%
Fanged Beast Redhelm Arzuros
75%
Flying Wyvern Red Khezu
75%
Elder Dragon Risen Crimson Glow Valstrax
75%
Elder Dragon Risen Kushala Daora
75%
Elder Dragon Risen Shagaru Magala
75%
Elder Dragon Risen Teostra
75%
Brute Wyvern Rompopolo
75%
Leviathan Royal Ludroth
75%
Elder Dragon Ruiner Nergigante
75%
Brute Wyvern Rust Duramboros
75%
Elder Dragon Rusted Kushala Daora
75%
Flying Wyvern Sand Barioth
75%
Brute Wyvern Savage Deviljho
75%
Bird Wyvern Scarred Yian Garuga
75%
Neopteron Seltas
75%
Neopteron Seltas Queen
75%
Elder Dragon Shara Ishvalda
75%
Flying Wyvern Shrieking Legiana
75%
Temnoceran Shrouded Nerscylla
75%
Flying Wyvern Silverwind Nargacuga
75%
Fanged Beast Snowbaron Lagombi
75%
Leviathan Somnacanth
75%
Leviathan Soulseer Mizutsune
75%
Carapaceon Stonefist Hermitaur
75%
Fanged Wyvern Stygian Zinogre
75%
Amphibian Tetranadon
75%
Amphibian Tetsucabra
75%
Fanged Wyvern Thunderlord Zinogre
75%
Snake Wyvern Tidal Najarala
75%
Flying Wyvern Tigrex
75%
Fanged Wyvern Tobi-Kadachi
75%
Bird Wyvern Tzitzi-Ya-Ku
75%
Leviathan Uth Duna
75%
Elder Dragon Vaal Hazak
75%
Bird Wyvern Velocidrome
75%
Neopteron Vespoid Queen
75%
Leviathan Violet Mizutsune
75%
Fanged Wyvern Viper Tobi-Kadachi
75%
Bird Wyvern Yian Garuga
75%
Bird Wyvern Yian Kut-Ku
75%
Construct Zoh Shia
75%
Elder Dragon Zorah Magdaros
75%
Brute Wyvern Acidic Glavenus
63%
Neopteron Ahtal Ka
63%
Fanged Beast Ajarakan
63%
Elder Dragon Ashen Lao-Shan Lung
63%
Leviathan Balahara
63%
Flying Wyvern Baleful Gigginox
63%
Amphibian Berserk Tetsucabra
63%
Fanged Beast Bishaten
63%
Flying Wyvern Black Gravios
63%
Fanged Beast Blood Orange Bishaten
63%
Fanged Beast Bulldrome
63%
Elder Dragon Dalamadur
63%
Fanged Beast Doshaguma
63%
Amphibian Drilltusk Tetsucabra
63%
Flying Wyvern Espinas
63%
Brute Wyvern Fulgur Anjanath
63%
Flying Wyvern Gigginox
63%
Leviathan Glacial Agnaktor
63%
Leviathan Gobul
63%
Fanged Wyvern Great Girros
63%
Bird Wyvern Great Izuchi
63%
Fanged Wyvern Great Jagras
63%
Construct Guardian Doshaguma
63%
Elder Dragon Hallowed Jhen Mohran
63%
Brute Wyvern Hellblade Glavenus
63%
Leviathan Hirabami
63%
Bird Wyvern Hypnocatrice
63%
Bird Wyvern Kulu-Ya-Ku
63%
Temnoceran Lala Barina
63%
Elder Dragon Lao-Shan Lung
63%
Fanged Wyvern Lunagaron
63%
Fanged Wyvern Magnamalo
63%
Bird Wyvern Malfestio
63%
Flying Wyvern Monoblos
63%
Elder Dragon Narwa the Allmother
63%
Bird Wyvern Nightcloak Malfestio
63%
Elder Dragon Old Fatalis
63%
Bird Wyvern Pukei-Pukei
63%
Temnoceran Pyre Rakna Kadaki
63%
Brute Wyvern Radobaan
63%
Elder Dragon Risen Chameleos
63%
Flying Wyvern Ruby Basarios
63%
Carapaceon Rustrazor Ceanataur
63%
Flying Wyvern Seething Bazelgeuse
63%
Elder Dragon Shah Dalamadur
63%
Carapaceon Shen Gaoren
63%
Carapaceon Shogun Ceanataur
63%
Brute Wyvern Steel Uragaan
63%
Carapaceon Terra Shogun Ceanataur
63%
Elder Dragon Thunder Serpent Narwa
63%
Amphibian Tigerstripe Zamtrios
63%
Flying Wyvern Ukanlos
63%
Elder Dragon Velkhana
63%
Flying Wyvern White Monoblos
63%
Elder Dragon Wind Serpent Ibushi
63%
Elder Dragon Yama Tsukami
63%
Amphibian Zamtrios
63%
Elder Dragon Amatsu
50%
Elder Dragon Ceadeus
50%
Fanged Wyvern Dodogama
50%
Flying Wyvern Flaming Espinas
50%
Fanged Beast Garangolm
50%
Fanged Wyvern Scorned Magnamalo
50%
Elder Dragon Goldbeard Ceadeus
38%
Elder Dragon Nakarkos
38%
Elder Dragon Aenshin
25%
Elder Dragon Makili Pietru
25%
Elder Dragon Versa Pietru
25%
Neopteron Ahtal Neset
13%
Elder Dragon Oltura
13%
No matching quizzes found
Score Distribution
Percent of People with Each Score
Percentile by Number Answered
Your Score History
You have not taken this quiz